000 02445cam a2200265 4500500
005 20260208011000.0
041 _afre
042 _adc
100 1 0 _aRoux, Alexandra
_eauthor
245 0 0 _aRavaisson, de l’habitude à la grâce : dialogue avec Pascal
260 _c2019.
500 _a98
520 _aL’hypothèse d’une liaison souterraine entre la notion d’habitude du jeune Ravaisson et la notion de grâce de ses derniers textes conduit à analyser sa lecture originale de Pascal. Ravaisson considère que l’esprit de finesse et le cœur pascaliens servent la métaphysique au lieu d’en dispenser ; il esthétise des thèmes ou thèses de Pascal ; il tempère et enrichit le christianisme de Pascal par des éléments de la pensée grecque. En ressort d’abord l’idée d’une grâce qui transit le réel depuis les œuvres d’art jusqu’aux premiers principes. Cette grâce est ensuite mise en relation avec le thème de l’habitude. Pascal a été un penseur de l’habitude, autant que de la grâce, mais Ravaisson articule la grâce à l’habitude d’une manière qui l’éloigne résolument de Pascal.
520 _aThe hypothesis of the existence of a covert connection between the notion of habit, in Ravaisson’s early works, and the notion of grace he develops in his latter writings points towards his somewhat original reading of Pascal. Ravaisson considers that Pascal’s emphasis on “l’esprit de finesse” and “le cœur”, far from undermining it, supports metaphysical inquiry; he provides aesthetic interpretations of themes or claims Pascal draws on; he mitigates and enriches Pascal’s conception of Christianity through reference to elements borrowed from Greek thought. Hence the idea that grace runs through reality, from works of arts to first principles. Grace is then associated with the theme of habit. Pascal was both interested in habit and grace, but Ravaisson elaborates the relation between grace and habit in a way that radically distinguishes him from Pascal.
690 _agrâce
690 _ahabitude
690 _aPascal
690 _aRavaisson
690 _agrace
690 _ahabit
690 _aPascal
690 _aRavaisson
786 0 _nRevue philosophique de la France et de l'étranger | 144 | 1 | 2019-01-02 | p. 21-38 | 0035-3833
856 4 1 _uhttps://shs.cairn.info/revue-philosophique-2019-1-page-21?lang=fr&redirect-ssocas=7080
999 _c1659157
_d1659157